Central Library OPAC University of Rajshahi

Population : (Record no. 33872)

MARC details
000 -LEADER
fixed length control field 00866nam a22002891 4500
001 - CONTROL NUMBER
control field 33872
003 - CONTROL NUMBER IDENTIFIER
rucl marc code BD-RjUL
005 - DATE AND TIME OF LATEST TRANSACTION
control field 20211209052054.0
008 - FIXED-LENGTH DATA ELEMENTS--GENERAL INFORMATION
fixed length control field 140511s1964 nyu b 001 0 eng
035 ## - SYSTEM CONTROL NUMBER
System control number (BD-RjUL)33964
040 ## - CATALOGING SOURCE
Original cataloging agency DLC
Transcribing agency DLC
Modifying agency DLC
-- BD-RjUL
Language of cataloging eng
041 ## - LANGUAGE CODE
Language code of text/sound track or separate title eng
082 00 - DEWEY DECIMAL CLASSIFICATION NUMBER
Classification number 301.32
Author mark and year POP 1965
100 1# - MAIN ENTRY--PERSONAL NAME
Personal name Freedman, Ronald,
Dates associated with a name 1917-2007,
9 (RLIN) 102309
245 10 - TITLE STATEMENT
Title Population :
Remainder of title the vital revolution /
Statement of responsibility, etc. Ronald Freedman
260 ## - PUBLICATION, DISTRIBUTION, ETC. (IMPRINT)
Place of publication, distribution, etc. Garden City, N.Y. :
Name of publisher, distributor, etc. Anchor Books,
Date of publication, distribution, etc. c1964 [reprinted 1965, 1971]
300 ## - PHYSICAL DESCRIPTION
Pagination vi, 274 p. ;
Size 18 cm.
490 0# - SERIES STATEMENT
Series statement VOA forum series
500 ## - GENERAL NOTE
General note "A423."
504 ## - BIBLIOGRAPHY, ETC. NOTE
Bibliography, etc Includes bibliographies and index.
650 #0 - SUBJECT ADDED ENTRY--TOPICAL TERM
Topical term or geographic name as entry element Population.
9 (RLIN) 102896
Topical term or geographic name as entry element Demographic transition.
9 (RLIN) 102897
651 #0 - SUBJECT ADDED ENTRY--GEOGRAPHIC NAME
Geographic name United States
General subdivision Population.
9 (RLIN) 40155
942 ## - ADDED ENTRY ELEMENTS (KOHA)
Source of classification or shelving scheme Dewey Decimal Classification
Koha item type Books
Holdings
Lost status Source of classification or shelving scheme Damaged status Not for loan Collection code Permanent Location Current Location Shelving location Date acquired Source of acquisition Cost, normal purchase price Total Checkouts Full call number Date last seen Copy number Koha item type
  Dewey Decimal Classification   Not For Loan Non-fiction Central Library, University of Rajshahi Central Library, University of Rajshahi Reading Room 05/09/1967 Sweets & Zaitlinger 36.00   301.32 FRP 1965 11/05/2014 C-1 Books
  Dewey Decimal Classification     Non-fiction Central Library, University of Rajshahi Central Library, University of Rajshahi Reading Room 05/09/1967 Sweets & Zaitlinger 36.00   301.32 POP 1965 11/05/2014 C-2 Books
  Dewey Decimal Classification     Non-fiction Central Library, University of Rajshahi Central Library, University of Rajshahi   05/07/1976 usis 0.00   301.32 POP 1971 11/05/2014 C-3 Books
  Dewey Decimal Classification     Non-fiction Central Library, University of Rajshahi Central Library, University of Rajshahi   14/05/2014       301.32 POP 1971 14/05/2014 C-4 Books